Sustaining soil productivity in intensive Africa agriculture : proceedings (Record no. 10569)

MARC details
000 -LEADER
fixed length control field 00559 a2200205 4500
035 ## - SYSTEM CONTROL NUMBER
System control number 12118
020 ## - NUMERO INTERNATIONAL NORMALISE DES LIVRES
International Standard Book Number 92-9081-138-2
130 ## - VEDETTE PRINCIPALE - TITRE UNIFORME
Language of a work Fr.
260 ## - PUBLICATION, DISTRIBUTION, ETC. (IMPRINT)
Place of publication, distribution, etc Wageningen
260 ## - PUBLICATION, DISTRIBUTION, ETC. (IMPRINT)
Name of publisher, distributor, etc CTA
245 ## - TITLE STATEMENT
Title Sustaining soil productivity in intensive Africa agriculture : proceedings
260 ## - PUBLICATION, DISTRIBUTION, ETC. (IMPRINT)
Date of publication, distribution, etc 1995
300 ## - PHYSICAL DESCRIPTION
Extent 124 p.
300 ## - PHYSICAL DESCRIPTION
Other physical details graph., cartes, tabl. ; 30 cm.
650 ## - SUBJECT ADDED ENTRY--TOPICAL TERM
Topical term or geographic name as entry element <Agriculture>
710 ## - ADDED ENTRY--CORPORATE NAME
Corporate name or jurisdiction name as entry element TECHNICAL CENTER FOR AGRICULTURAL AND RURAL COOPERATION. ACCRA, GHANA . Seminar 1993
Holdings
Withdrawn status Lost status Damaged status Not for loan Location (home branch) Sublocation or collection (holding branch) Date acquired Source of acquisition Koha issues (times borrowed) Koha full call number Piece designation (barcode) Koha date last seen Copy number Koha item type
        Bibliothèque Ecole Polytechnique d'Abomey-Calavi Bibliothèque Ecole Polytechnique d'Abomey-Calavi 27/02/2009 EPAC   631.4/T255s 20929EPAC 27/02/2009 1 Livre


© 2008, Bibliothèques de l'Université d'Abomey-Calavi

04 BP 789 Cotonou, Tél. : +229 21 36 01 01, Fax : +229 21 35 06 32

Courriel : bu@bu.uac.bj